000 00640nam a22002177a 4500
003 DO-SdBNP
005 20210922151115.0
007 ta
008 210922b 2021 dr 00| 0 eng d
020 _a9789945927900
040 _aDO-SdBNP
_bspa
_cBNPHU
082 4 _aBNPHU
_bM478p
100 1 _aMckinney, Pablo
_972219
245 1 3 _aEl precio de vencer /
_cPablo Mckinney ; prólogo Nelson Espinal Báez
260 _aSanto Domingo :
_bDircom,
_c2021.
300 _a209 p. ;
_c22 cm.
500 _aIncluye dtos biográficos del autor en las solapas
700 1 _aEspinal Báez, Nelson,
_epról.
_91883
910 _aBtavárez
942 _2ddc
_cLBS1
999 _c50641
_d50641